000 00340nam a2200145Ia 4500
008 230711s9999||||xx |||||||||||||| ||und||
041 _aENG
082 _a621
_bSI-A
100 _aSingh,S P
245 0 _aAdvanced practical Physics
250 _a1st
260 _c1989
_aNew Delhi
_bPragati Parkashan Meerut
650 _aPhysics
942 _cBK
999 _c900
_d900